[Event "Olomouc Chess Summer 2023 - A2"]
[Site "Olomouc (CZE), Hotel Flora"]
[Date "2023.08.13"]
[Round "2"]
[Board "1"]
[White "Levitan, Tal"]
[Black "Vlasak, Lukas"]
[Result "1/2-1/2"]
[WhiteElo "2321"]
[BlackElo "2450"]
[PlyCount "0"]
[EventDate "2023.08.12"]
[EventRounds "9"]
[EventCountry "CZE"]

1. e4 e5 2. Nf3 Nc6 3. d4 exd4 4. Nxd4 Nf6 5. Nxc6 bxc6 6. e5 Qe7 7. Qe2 Nd5 8. c4
Ba6 9. Nd2 f6 10. exf6 Nxf6 11. Qxe7+ Bxe7 12. Bd3 O-O 13. O-O Rae8 14. b3 Nd5 15.
Ne4 Nb4 16. Bb1 c5 17. Rd1 d6 18. Bb2 Bb7 19. Ng3 Bh4 20. Kf1 Bxg3 21. hxg3 Be4 22.
Bxe4 Rxe4 23. Re1 Rg4 24. Rad1 h6  1/2-1/2

[Event "Olomouc Chess Summer 2023 - A2"]
[Site "Olomouc (CZE), Hotel Flora"]
[Date "2023.08.13"]
[Round "2"]
[Board "3"]
[White "Delgerdalai, Bayarjavkhlan"]
[Black "Mirzoev, Azer"]
[Result "1/2-1/2"]
[WhiteElo "2273"]
[BlackElo "2417"]
[PlyCount "21"]
[EventDate "2023.08.12"]
[EventRounds "9"]
[EventCountry "CZE"]

1. e4 e5 2. Nf3 Nf6 3. Nxe5 d6 4. Nf3 Nxe4 5. Qe2 Qe7 6. d3 Nf6 7. Bg5 Qxe2+ 8. Bxe2
Be7 9. Nc3 c6 10. O-O-O h6 11. Bh4  1/2-1/2

[Event "Olomouc Chess Summer 2023 - A2"]
[Site "Olomouc (CZE), Hotel Flora"]
[Date "2023.08.13"]
[Round "2"]
[Board "4"]
[White "Rubes, Jan"]
[Black "Neuman, Petr"]
[Result "1-0"]
[WhiteElo "2402"]
[BlackElo "2370"]
[PlyCount "0"]
[EventDate "2023.08.12"]
[EventRounds "9"]
[EventCountry "CZE"]

1. d4 d5 2. c4 c6 3. Nf3 Nf6 4. Nc3 a6 5. e3 Bf5 6. Ne5 Nbd7 7. Qb3 Qc7 8. cxd5 Nxe5
9. dxe5 Nxd5 10. Nxd5 cxd5 11. Bd2 Qxe5 12. Be2 Bd7 13. Bc3 Qc7 14. Qxd5 Bc6 15.
Qg5 h6 16. Qg4 h5 17. Qh3 Rh6 18. O-O h4 19. Rfd1 Rd8 20. Rxd8+ Qxd8 21. Rd1 Rd6
22. Rxd6 Qxd6 23. Qxh4 Qg6 24. f3 Qb1+ 25. Kf2 Qxa2 26. Qf4 e5 27. Qxe5+ Kd7 28.
f4 Qe6 29. Qxe6+ Kxe6 30. Bc4+ Bd5 31. f5+ Kd6 32. Bb4+ Ke5 33. Bc3+ Ke4 34. Bxd5+
Kxd5 35. Kf3 Kc4 36. g4 b5 37. g5 b4 38. Be5 Kd5 39. Bd4 g6 40. h4 Bd6 41. Kg4 a5
42. fxg6 fxg6 43. h5 gxh5+ 44. Kxh5 a4 45. g6 Bf8 46. Kg4 Ke4 47. Kg3  1-0

[Event "Olomouc Chess Summer 2023 - A2"]
[Site "Olomouc (CZE), Hotel Flora"]
[Date "2023.08.13"]
[Round "2"]
[Board "5"]
[White "Dzida, Kamil"]
[Black "Kulkarni, Bhakti"]
[Result "1-0"]
[WhiteElo "2356"]
[BlackElo "2345"]
[PlyCount "0"]
[EventDate "2023.08.12"]
[EventRounds "9"]
[EventCountry "CZE"]

1. e4 e5 2. Nf3 Nc6 3. Nc3 Nf6 4. d4 Bb4 5. Nxe5 Qe7 6. Qd3 Nxe5 7. dxe5 Qxe5 8.
Bd2 O-O 9. O-O-O Qe6 10. f3 d6 11. a3 Ba5 12. g4 Bd7 13. h4 Bc6 14. h5 Nd7 15. h6
g6 16. Nd5 Ne5 17. Qe3 Bb6 18. Nxb6 axb6 19. Be2 f6 20. f4 Nxg4 21. Qg3 Qa2 22. Bc3
Bxe4 23. Qxg4 f5 24. Qg1 c5 25. Rxd6 Bxh1 26. Rxg6+ Kf7 27. Rf6+ Ke7 28. Qg7+ Rf7
29. Rxf7+ Qxf7 30. Bf6+ Ke8 31. Bh5  1-0

[Event "Olomouc Chess Summer 2023 - A2"]
[Site "Olomouc (CZE), Hotel Flora"]
[Date "2023.08.13"]
[Round "3"]
[Board "1"]
[White "Kulkarni, Bhakti"]
[Black "Levitan, Tal"]
[Result "1/2-1/2"]
[WhiteElo "2345"]
[BlackElo "2321"]
[PlyCount "0"]
[EventDate "2023.08.12"]
[EventRounds "9"]
[EventCountry "CZE"]

1. Nf3 d5 2. g3 Bg4 3. Bg2 Nd7 4. d4 c6 5. O-O Ngf6 6. h3 Bh5 7. c4 e6 8. cxd5 exd5
9. Qb3 Nb6 10. Nh4 Bg6 11. Nc3 Be7 12. a4 a5 13. Re1 O-O 14. Nxg6 hxg6 15. e4 dxe4
16. Nxe4 Bb4 17. Rd1 Nxe4 18. Bxe4 Nd5 19. Bd2 Re8 20. Bxd5 Qxd5 21. Qxd5 cxd5 22.
Bxb4 axb4 23. b3 Rac8 24. Rdc1 b6 25. Rxc8 Rxc8 26. a5 bxa5 27. Rxa5 Rc3 28. Rxd5
Rxb3 29. Rd8+ Kh7 30. Rb8 g5 31. Rb6 f6 32. Kf1 Kg6 33. Ke2 Kf5 34. f3 Rb2+ 35. Ke3
Rb3+ 36. Ke2 Rb1 37. Ke3 b3 38. Kf2 Rb2+ 39. Ke3 Rb1  1/2-1/2

[Event "Olomouc Chess Summer 2023 - A2"]
[Site "Olomouc (CZE), Hotel Flora"]
[Date "2023.08.13"]
[Round "3"]
[Board "2"]
[White "Neuman, Petr"]
[Black "Dzida, Kamil"]
[Result "1/2-1/2"]
[WhiteElo "2370"]
[BlackElo "2356"]
[PlyCount "0"]
[EventDate "2023.08.12"]
[EventRounds "9"]
[EventCountry "CZE"]

1. Nf3 Nf6 2. c4 e6 3. g3 d5 4. Bg2 Be7 5. O-O O-O 6. d4 c6 7. Qc2 b6 8. Nc3 Ba6
9. cxd5 cxd5 10. Bf4 Bb7 11. Ne5 Nc6 12. Nxc6 Bxc6 13. Qd3 Qd7 14. Rfc1 Rfc8 15.
Rc2 Ne8 16. Rac1 Bd6 17. Bd2 Rc7 18. e4 dxe4 19. Nxe4 Rac8 20. Nxd6 Nxd6 21. d5 Bb5
22. Rxc7 Rxc7 23. Rxc7 Qxc7 24. Qc3 Qxc3 25. Bxc3 Bd7 26. b3 f6 27. f4 Kf7 28. Kf2
Nf5 29. g4 Ne7 30. dxe6+ Bxe6 31. h3 f5 32. g5 Bd5 33. Bf1 g6 34. Ke3 Ke6 35. h4
 1/2-1/2

[Event "Olomouc Chess Summer 2023 - A2"]
[Site "Olomouc (CZE), Hotel Flora"]
[Date "2023.08.13"]
[Round "3"]
[Board "3"]
[White "Mirzoev, Azer"]
[Black "Rubes, Jan"]
[Result "1/2-1/2"]
[WhiteElo "2417"]
[BlackElo "2402"]
[PlyCount "0"]
[EventDate "2023.08.12"]
[EventRounds "9"]
[EventCountry "CZE"]

1. d4 d5 2. Nf3 Nf6 3. c4 e6 4. Nc3 dxc4 5. e3 a6 6. Bxc4 b5 7. Be2 Bb7 8. O-O Nbd7
9. b3 c5 10. Bb2 Be7 11. dxc5 Bxc5 12. Nd2 O-O 13. Bf3 Bxf3 14. Nxf3 Qe7 15. Qe2
Ba3 16. Rac1 Rac8 17. h3  1/2-1/2

[Event "Olomouc Chess Summer 2023 - A2"]
[Site "Olomouc (CZE), Hotel Flora"]
[Date "2023.08.13"]
[Round "3"]
[Board "4"]
[White "Stalmach, Richard"]
[Black "Delgerdalai, Bayarjavkhlan"]
[Result "1-0"]
[WhiteElo "2433"]
[BlackElo "2273"]
[PlyCount "0"]
[EventDate "2023.08.12"]
[EventRounds "9"]
[EventCountry "CZE"]

1. d4 d5 2. c4 e6 3. Nf3 a6 4. cxd5 exd5 5. Nc3 Nf6 6. Bf4 Bd6 7. Be5 c6 8. e3 O-O
9. Bd3 Qe7 10. Qc2 Nbd7 11. Bxd6 Qxd6 12. O-O Re8 13. h3 b6 14. e4 dxe4 15. Nxe4
Qc7 16. Rae1 Bb7 17. Neg5 h6 18. Nxf7 Kxf7 19. Bc4+ Kf8 20. Nh4 g5 21. Qg6 Re7 22.
Qxh6+ Ke8 23. Rxe7+ Kxe7 24. Re1+ Kd8 25. Qh8+  1-0

[Event "Olomouc Chess Summer 2023 - A2"]
[Site "Olomouc (CZE), Hotel Flora"]
[Date "2023.08.13"]
[Round "3"]
[Board "5"]
[White "Vlasak, Lukas"]
[Black "Polak, Tomas"]
[Result "1/2-1/2"]
[WhiteElo "2450"]
[BlackElo "2520"]
[PlyCount "25"]
[EventDate "2023.08.12"]
[EventRounds "9"]
[EventCountry "CZE"]

1. d4 Nf6 2. Nf3 e6 3. Bf4 d5 4. e3 Bd6 5. Bg3 c5 6. c3 Nc6 7. Nbd2 O-O 8. Bd3 Qe7
9. Ne5 Nd7 10. Nxd7 Qxd7 11. Bxd6 Qxd6 12. dxc5 Qxc5 13. Bxh7+  1/2-1/2

[Event "Olomouc Chess Summer 2023 - A2"]
[Site "Olomouc (CZE), Hotel Flora"]
[Date "2023.08.14"]
[Round "4"]
[Board "1"]
[White "Levitan, Tal"]
[Black "Polak, Tomas"]
[Result "0-1"]
[WhiteElo "2321"]
[BlackElo "2520"]
[PlyCount "0"]
[EventDate "2023.08.12"]
[EventRounds "9"]
[EventCountry "CZE"]

1. e4 c5 2. c3 d5 3. exd5 Qxd5 4. d4 g6 5. Nf3 Bg7 6. Na3 Nf6 7. Be3 cxd4 8. Bc4
Qa5 9. Nxd4 O-O 10. O-O Nbd7 11. Be2 a6 12. Re1 Rd8 13. Qc1 Qc7 14. Bh6 Nc5 15. h3
Nd5 16. Bf1 e5 17. Nf3 f6 18. Be3 b6 19. b4 Ne6 20. c4 Nxb4 21. Qb1 Bf8 22. Nc2 Nxc2
23. Bxb6 Qc6  0-1

[Event "Olomouc Chess Summer 2023 - A2"]
[Site "Olomouc (CZE), Hotel Flora"]
[Date "2023.08.14"]
[Round "4"]
[Board "2"]
[White "Delgerdalai, Bayarjavkhlan"]
[Black "Vlasak, Lukas"]
[Result "1/2-1/2"]
[WhiteElo "2273"]
[BlackElo "2450"]
[PlyCount "0"]
[EventDate "2023.08.12"]
[EventRounds "9"]
[EventCountry "CZE"]

1. e4 c6 2. d4 d5 3. e5 Bf5 4. c4 e6 5. Nc3 Bb4 6. Nf3 Ne7 7. Bd2 O-O 8. Qb3 Ba5
9. Be2 Nd7 10. cxd5 cxd5 11. O-O Qb6 12. Qxb6 Bxb6 13. Nb5 Nc6 14. Bc3 Bg4 15. Rfd1
a6 16. Nd6 Rab8 17. b4 Ne7 18. b5 a5 19. Rac1 Nc8 20. Nxc8 Rfxc8 21. Bb2 Ba7 22.
Bc3 a4 23. Bd3 Rc7 24. Rc2 Rbc8 25. Rdc1 Bxf3 26. gxf3 a3 27. Ba1 Rxc2 28. Rxc2 Rxc2
29. Bxc2 Nb6 30. Bb3 Kf8 31. Bc3 Ke8 32. Kf1 f6 33. f4 Nc8 34. Ke2 Ne7 35. Bc2 f5
36. Ke3 Ng6 37. Ba4 Bb6 38. Bd1 Nh4 39. Bb4 Kd7 40. Bxa3 Ng2+ 41. Kf3 Ne1+ 42. Ke2
Ng2 43. Kf3 Ne1+ 44. Ke2 Ng2  1/2-1/2

[Event "Olomouc Chess Summer 2023 - A2"]
[Site "Olomouc (CZE), Hotel Flora"]
[Date "2023.08.14"]
[Round "4"]
[Board "3"]
[White "Rubes, Jan"]
[Black "Stalmach, Richard"]
[Result "0-1"]
[WhiteElo "2402"]
[BlackElo "2433"]
[PlyCount "0"]
[EventDate "2023.08.12"]
[EventRounds "9"]
[EventCountry "CZE"]

1. d4 Nf6 2. c4 e6 3. Nf3 d5 4. Nc3 Be7 5. Bf4 O-O 6. e3 b6 7. cxd5 Nxd5 8. Nxd5
Qxd5 9. a3 c5 10. dxc5 bxc5 11. Qc2 Rd8 12. Bc4 Qc6 13. O-O Bb7 14. Rfd1 Nd7 15.
Bf1 Nb6 16. Ne5 Qe4 17. Qxe4 Bxe4 18. Bb5 Bf6 19. f3 Bd5 20. Rac1 g5 21. Bg3 h5 22.
h3 h4 23. Bh2 Bb3 24. Rxd8+ Rxd8 25. Rxc5 Rd1+ 26. Kf2 Rd2+ 27. Kg1 Nd5 28. Bc4 Bxe5
29. Bxe5 Bxc4 30. Rxc4 Nxe3 31. Re4 Nd5 32. Ra4 Re2 33. Re4 Rc2 34. Ra4 Ne3 35. Rxa7
Rxg2+ 36. Kh1 Rf2 37. a4 Rxf3 38. a5 Rxh3+ 39. Kg1 Rf3 40. Ra8+ Kh7 41. a6 g4 42.
Rh8+ Kg6 43. Rxh4 Rf1+ 44. Kh2 Ra1 45. a7 g3+ 46. Bxg3 Nf1+ 47. Kg2 Nxg3 48. Kxg3
Rxa7 49. Rb4 e5  0-1

[Event "Olomouc Chess Summer 2023 - A2"]
[Site "Olomouc (CZE), Hotel Flora"]
[Date "2023.08.14"]
[Round "4"]
[Board "4"]
[White "Dzida, Kamil"]
[Black "Mirzoev, Azer"]
[Result "1/2-1/2"]
[WhiteElo "2356"]
[BlackElo "2417"]
[PlyCount "0"]
[EventDate "2023.08.12"]
[EventRounds "9"]
[EventCountry "CZE"]

1. e4 e5 2. Nf3 Nc6 3. Nc3 Nf6 4. d4 exd4 5. Nxd4 Bb4 6. Nxc6 bxc6 7. Bd3 d5 8. exd5
cxd5 9. O-O O-O 10. h3 c6 11. Qf3 Bd6 12. Bf4 Rb8 13. b3 Rb4 14. Ne2 Bxf4 15. Nxf4
Qd6 16. c4 a5 17. Rad1 a4 18. Bc2 axb3 19. axb3 Re8 20. Rfe1 Rxe1+ 21. Rxe1 Bd7 22.
Nd3 Rb8 23. cxd5 Qxd5 24. Qf4 Re8 25. Re5 Rxe5 26. Qxe5 h6 27. Qxd5 Nxd5 28. Ne5
Be8 29. g3 Kf8 30. Kf1  1/2-1/2

[Event "Olomouc Chess Summer 2023 - A2"]
[Site "Olomouc (CZE), Hotel Flora"]
[Date "2023.08.14"]
[Round "4"]
[Board "5"]
[White "Kulkarni, Bhakti"]
[Black "Neuman, Petr"]
[Result "1/2-1/2"]
[WhiteElo "2345"]
[BlackElo "2370"]
[PlyCount "0"]
[EventDate "2023.08.12"]
[EventRounds "9"]
[EventCountry "CZE"]

1. Nf3 d5 2. g3 g6 3. Bg2 Bg7 4. d4 Nf6 5. O-O O-O 6. c4 c6 7. a4 a5 8. cxd5 Nxd5
9. e4 Nb4 10. h3 Nd7 11. Nc3 e5 12. Bg5 Bf6 13. Be3 exd4  1/2-1/2

[Event "Olomouc Chess Summer 2023 - A2"]
[Site "Olomouc (CZE), Hotel Flora"]
[Date "2023.08.15"]
[Round "5"]
[Board "1"]
[White "Neuman, Petr"]
[Black "Levitan, Tal"]
[Result "1/2-1/2"]
[WhiteElo "2370"]
[BlackElo "2321"]
[PlyCount "0"]
[EventDate "2023.08.12"]
[EventRounds "9"]
[EventCountry "CZE"]

1. d4 d5 2. c4 e6 3. Nc3 Be7 4. cxd5 exd5 5. Bf4 Nf6 6. e3 O-O 7. Nf3 c5 8. dxc5
Nc6 9. Be2 Bxc5 10. O-O Be6 11. Rc1 Be7 12. Nd4 Rc8 13. Nxc6 Rxc6 14. Be5 Ne4 15.
Bf3 Nxc3 16. Bxc3 Bf6 17. Bxf6 Rxc1 18. Bxd8 Rxd1 19. Rxd1 Rxd8 20. Kf1 Kf8 21. Rd4
Rc8 22. Ke2 b6 23. Kd2 Bf5 24. Rxd5 Bb1 25. Rd7 Rc2+ 26. Kd1 Rxf2 27. Rxa7 Rxb2 28.
Ra8+ Ke7 29. Kc1 Rb5 30. Ra7+ Kf8 31. Be2 Rb4 32. a3 Rb3 33. Rxf7+ Kxf7 34. Bc4+
Kf6 35. Bxb3 Be4 36. g3 h6 37. Kd2 Ke5 38. Bc4 g5 39. Bd3 Bc6 40. Ke2 Bd5 41. Kf2
Bc6 42. Be2 Bd5 43. Bf3 Be6 44. Bb7 Bg4 45. h4 gxh4 46. gxh4 Be6 47. Kg3 Bd7 48.
Bf3 Be6 49. Bg4 Bb3 50. Bd7 Ke4 51. Kf2  1/2-1/2

[Event "Olomouc Chess Summer 2023 - A2"]
[Site "Olomouc (CZE), Hotel Flora"]
[Date "2023.08.15"]
[Round "5"]
[Board "2"]
[White "Mirzoev, Azer"]
[Black "Kulkarni, Bhakti"]
[Result "0-1"]
[WhiteElo "2417"]
[BlackElo "2345"]
[PlyCount "0"]
[EventDate "2023.08.12"]
[EventRounds "9"]
[EventCountry "CZE"]

1. d4 f5 2. g3 Nf6 3. Bg2 e6 4. c4 d5 5. Nf3 Ne4 6. O-O Be7 7. b3 Nc6 8. Ba3 Bf6
9. e3 h5 10. h4 g5 11. hxg5 Bxg5 12. Nxg5 Qxg5 13. Nd2 Nxd2 14. Qxd2 h4 15. cxd5
exd5 16. Bxd5 Bd7 17. f4 Qg7 18. Qg2 hxg3 19. Rf3 Nxd4 20. Bb2 Rh2 21. Bxd4 Rxg2+
22. Kxg2 Qg4 23. Bf6 Qg6 24. Bg5 Qd6 25. e4 fxe4 26. Bxe4 Qe6 27. Re1 Qh3+ 28. Kg1
Qh2+  0-1

[Event "Olomouc Chess Summer 2023 - A2"]
[Site "Olomouc (CZE), Hotel Flora"]
[Date "2023.08.15"]
[Round "5"]
[Board "3"]
[White "Stalmach, Richard"]
[Black "Dzida, Kamil"]
[Result "0-1"]
[WhiteElo "2433"]
[BlackElo "2356"]
[PlyCount "0"]
[EventDate "2023.08.12"]
[EventRounds "9"]
[EventCountry "CZE"]

1. d4 Nf6 2. c4 e6 3. Nf3 b6 4. g3 Ba6 5. Qc2 Bb7 6. Bg2 c5 7. d5 exd5 8. cxd5 Nxd5
9. O-O Be7 10. Rd1 Nc6 11. Qa4 Nf6 12. Nh4 O-O 13. Nf5 d5 14. Nc3 Nd4 15. Nxd4 cxd4
16. Rxd4 Bc5 17. Rd1 Qe8 18. Qxe8 Rfxe8 19. e3 Rad8 20. Bd2 Ne4 21. Nxe4 dxe4 22.
Bc3 f6 23. Rac1 Kf8 24. Bh3 Ke7 25. b4 Rxd1+ 26. Rxd1 Bd6 27. Rd4 Bc6 28. b5 Bxb5
29. Rxe4+ Kf7 30. Rh4 Be5 31. Bxe5 Rxe5 32. Rxh7 Bc6 33. Rh4 Rc5 34. Bf1 Rc1 35.
a4 b5 36. f3 bxa4 37. Kg2 a3 38. Bc4+ Ke7 39. Rg4 Kf8 40. Bb3 a2  0-1

[Event "Olomouc Chess Summer 2023 - A2"]
[Site "Olomouc (CZE), Hotel Flora"]
[Date "2023.08.15"]
[Round "5"]
[Board "4"]
[White "Vlasak, Lukas"]
[Black "Rubes, Jan"]
[Result "0-1"]
[WhiteElo "2450"]
[BlackElo "2402"]
[PlyCount "0"]
[EventDate "2023.08.12"]
[EventRounds "9"]
[EventCountry "CZE"]

1. d4 Nf6 2. c4 g6 3. Nf3 Bg7 4. g3 O-O 5. Bg2 d6 6. Nc3 Nbd7 7. O-O e5 8. e4 Re8
9. Re1 exd4 10. Nxd4 Nc5 11. h3 a5 12. Ndb5 Bd7 13. Bf4 h5 14. Nxc7 Qxc7 15. Bxd6
Qc8 16. e5 Nh7 17. Bxc5 Bxh3 18. Bd6 Bxg2 19. Kxg2 Qxc4 20. Rc1 Rad8 21. Qd5 Qg4
22. Qe4 Qd7 23. Nd5 Ng5 24. Qh4 Rxe5 25. Ne7+ Rxe7 26. Bxe7 Qd5+ 27. Kf1 Nf3 28.
Qa4 Nh2+ 29. Kg1 Nf3+ 30. Kf1 Qd3+ 31. Kg2 Nxe1+ 32. Rxe1 Qd5+ 33. Kg1 Rc8 34. b4
axb4 35. Bxb4 h4 36. Qb3 Qxb3 37. axb3 hxg3 38. fxg3 Bc3 39. Re4 f5  0-1

[Event "Olomouc Chess Summer 2023 - A2"]
[Site "Olomouc (CZE), Hotel Flora"]
[Date "2023.08.15"]
[Round "5"]
[Board "5"]
[White "Polak, Tomas"]
[Black "Delgerdalai, Bayarjavkhlan"]
[Result "1-0"]
[WhiteElo "2520"]
[BlackElo "2273"]
[PlyCount "0"]
[EventDate "2023.08.12"]
[EventRounds "9"]
[EventCountry "CZE"]

1. c4 e6 2. g3 d5 3. Bg2 Nf6 4. Nf3 Be7 5. O-O O-O 6. b3 a5 7. Nc3 c6 8. Bb2 b6 9.
Rc1 Ba6 10. d3 b5 11. Ne5 bxc4 12. dxc4 Nfd7 13. Nd3 dxc4 14. bxc4 Bxc4 15. Nf4 e5
16. Nd3 Ra7 17. Qc2 Bg5 18. Rcd1 Re8 19. Ne4 Bd5 20. Nxg5 Qxg5 21. e4 Be6 22. Nxe5
Nxe5 23. f4 Qh6 24. Bxe5 Nd7 25. Qxc6 Bxa2 26. Rd6 Be6 27. f5 Qe3+ 28. Kh1 Bc4 29.
Bd4 Qa3 30. Bxa7 Bxf1 31. Qxd7 Bxg2+ 32. Kxg2 Qb2+ 33. Rd2 Qe5 34. Qd5 Qc3 35. Bb6
 1-0

[Event "Olomouc Chess Summer 2023 - A2"]
[Site "Olomouc (CZE), Hotel Flora"]
[Date "2023.08.16"]
[Round "6"]
[Board "1"]
[White "Levitan, Tal"]
[Black "Delgerdalai, Bayarjavkhlan"]
[Result "1/2-1/2"]
[WhiteElo "2321"]
[BlackElo "2273"]
[PlyCount "0"]
[EventDate "2023.08.12"]
[EventRounds "9"]
[EventCountry "CZE"]

1. e4 c5 2. c3 Nf6 3. e5 Nd5 4. d4 d6 5. Nf3 cxd4 6. cxd4 dxe5 7. dxe5 Nc6 8. Bc4
Be6 9. O-O g6 10. Qb3 Qd7 11. Bd2 Bg7 12. Nc3 Na5 13. Bb5 Nxb3 14. Bxd7+ Kxd7 15.
axb3 Nxc3 16. Bxc3 Rhd8 17. Nd4 Ke8 18. Nxe6 fxe6 19. Rfd1 a6 20. Rxd8+ Rxd8 21.
Kf1 Rd5 22. Re1 a5 23. Re4 Rb5 24. Ke2 Rxb3 25. f4 Rb5 26. g4 h6 27. Ra4 b6 28. Ke3
g5 29. Rc4 Kf7 30. Rc7 Rb3 31. Ra7 Rb5 32. Ke4 h5 33. fxg5 hxg4 34. g6+ Kxg6 35.
Rxe7 Bf8 36. Rxe6+ Kf7 37. Rc6 Bb4 38. Kf5 Bxc3 39. bxc3 Rc5 40. Rxb6 Rxc3 41. Rb7+
Kf8 42. Kxg4 a4 43. Ra7 a3 44. h4 Rc4+ 45. Kg5 Re4 46. Kf6 Rf4+ 47. Ke6 Rxh4 48.
Ra8+ Kg7 49. Rxa3 Rb4 50. Ra7+ Kg6 51. Ke7 Rb5 52. e6 Kg7 53. Kd6+ Kf6 54. Rf7+ Kg6
55. Rf1 Rb6+ 56. Kd5 Rb7 57. Kd6 Rb6+ 58. Kd7 Rb7+ 59. Kd8 Rb8+ 60. Kc7 Ra8 61. Re1
Ra7+ 62. Kb6 Ra8 63. Kb7 Rh8 64. Kc7 Ra8 65. Kb7 Rh8 66. Re2 Kf6 67. Kc7 Ke7  1/2-1/2

[Event "Olomouc Chess Summer 2023 - A2"]
[Site "Olomouc (CZE), Hotel Flora"]
[Date "2023.08.16"]
[Round "6"]
[Board "2"]
[White "Rubes, Jan"]
[Black "Polak, Tomas"]
[Result "0-1"]
[WhiteElo "2402"]
[BlackElo "2520"]
[PlyCount "0"]
[EventDate "2023.08.12"]
[EventRounds "9"]
[EventCountry "CZE"]

1. Nf3 Nf6 2. c4 e6 3. Nc3 Bb4 4. g4 d6 5. g5 Bxc3 6. dxc3 Nfd7 7. Qc2 Nc6 8. h4
b6 9. Rg1 Bb7 10. Be3 Qe7 11. O-O-O O-O-O 12. b3 Kb8 13. Kb2 h6 14. Rg3 hxg5 15.
hxg5 Nde5 16. Bg2 Ng6 17. Qb1 e5 18. Nd2 Nf4 19. Bf3 Rh4 20. Rdg1 Rdh8 21. Rg4 Nd8
22. Bxb7 Nxb7 23. Qe4 Rxg4 24. Rxg4 Qe6 25. Rg1 Nxe2 26. Rh1 Rxh1 27. Qxh1 Nc5 28.
Bxc5 dxc5 29. Qh8+ Kb7 30. Qxg7 Qd7 31. Nb1 Qf5 32. f3 Nf4 33. Nd2 Qd3 34. Ne4 Qe2+
35. Ka3 Nd3  0-1

[Event "Olomouc Chess Summer 2023 - A2"]
[Site "Olomouc (CZE), Hotel Flora"]
[Date "2023.08.16"]
[Round "6"]
[Board "3"]
[White "Dzida, Kamil"]
[Black "Vlasak, Lukas"]
[Result "1/2-1/2"]
[WhiteElo "2356"]
[BlackElo "2450"]
[PlyCount "0"]
[EventDate "2023.08.12"]
[EventRounds "9"]
[EventCountry "CZE"]

1. d4 Nf6 2. Nf3 e6 3. c4 Bb4+ 4. Bd2 Qe7 5. g3 Nc6 6. Nc3 Bxc3 7. Bxc3 Ne4 8. Qc2
Nxc3 9. Qxc3 O-O 10. Bg2 d6 11. O-O e5 12. Rac1 a5 13. e3 Bg4 14. c5 Qf6 15. dxe5
dxe5 16. Nd2 Rfd8 17. Nc4 Be2 18. Rfe1 Bxc4 19. Qxc4 Rd2 20. Re2 Rad8 21. Be4 g6
22. Rce1 Rxe2 23. Rxe2 Rd1+ 24. Kg2 Qd8 25. a3 Kg7 26. Qc3 f6 27. Bc2 Rd7 28. Qb3
b6 29. Qe6 Nb8 30. Ba4 Rd3 31. cxb6 cxb6 32. Qc4 Qd5+ 33. Qxd5 Rxd5 34. Rc2 Na6 35.
Bc6 Rc5 36. Rxc5  1/2-1/2

[Event "Olomouc Chess Summer 2023 - A2"]
[Site "Olomouc (CZE), Hotel Flora"]
[Date "2023.08.16"]
[Round "6"]
[Board "4"]
[White "Kulkarni, Bhakti"]
[Black "Stalmach, Richard"]
[Result "0-1"]
[WhiteElo "2345"]
[BlackElo "2433"]
[PlyCount "0"]
[EventDate "2023.08.12"]
[EventRounds "9"]
[EventCountry "CZE"]

1. Nf3 d5 2. g3 Nc6 3. d4 Bf5 4. Bg2 Nb4 5. Na3 e6 6. Ne5 Bd6 7. c3 Bxe5 8. dxe5
Nc6 9. c4 Nge7 10. f4 h5 11. Qb3 Qd7 12. Be3 O-O-O 13. O-O-O h4 14. Qa4 a6 15. Bc5
Qe8 16. Bf3 g5 17. g4 Be4 18. Bxe4 dxe4 19. Rxd8+ Qxd8 20. Rd1 Qe8 21. e3 Ng6 22.
Rf1 h3 23. Nb5 gxf4 24. exf4 Nxf4 25. Rxf4 Nxe5 26. Qa5 Qd7 27. Na7+ Kb8 28. Rxe4
Nd3+ 29. Kc2 Nxc5 30. Qxc5 Rd8 31. Qe3 Qa4+ 32. Kc3 Qa5+ 33. Kc2 Qa4+ 34. Kc3 b6
35. Qf4 Qa5+ 36. Kb3 Qc5 37. Qf6 Rd6 38. Qh8+ Kxa7 39. Qxh3 Rd2 40. a3 Qf2 41. Qc3
Rxb2+ 42. Qxb2 Qf3+ 43. Qc3 Qxe4 44. Qg3 Qb1+ 45. Kc3 e5 46. Qf2 e4 47. Qxf7 Qd3+
48. Kb2 Qd2+ 49. Kb3 Qxh2 50. Qe7 Qg3+ 51. Ka4 e3 52. g5 Qh2 53. Kb3 e2 54. Kc3 Qg3+
55. Kd2 e1=Q+ 56. Qxe1 Qxg5+ 57. Kc2 Qg2+ 58. Kb1 Qg6+ 59. Kb2 Qf6+ 60. Kc2 Qf5+
61. Kb2 Qc5 62. Qe4 b5 63. cxb5 axb5 64. Qf4 Kb6 65. Qe4 Qf2+ 66. Kb1 Qf1+ 67. Kb2
Qf2+ 68. Kb1 Qd2 69. Qe5 Qd1+ 70. Kb2 Qd2+ 71. Kb1 Qd6 72. Qe3+ Qc5 73. Qf3 Qe5 74.
Qf8 Qd6 75. Qf3 c6 76. Kb2 Qd2+ 77. Kb1 Qd5 78. Qc3 Qd1+ 79. Kb2 Qe2+ 80. Kb3 Qf2
81. Qh8 Qf3+ 82. Kb2 Kc5 83. Qe5+ Kc4 84. Qe6+ Qd5 85. Qe2+ Kc5 86. Qc2+ Kb6 87.
Qh2 Qd4+ 88. Kb3 Qe3+ 89. Kb2 Kc5 90. Qc7 Qe2+ 91. Kc3 Qf3+ 92. Kb2 Kc4 93. Qd6 Qg2+
94. Kb1 Qe4+ 95. Ka2 Qe2+ 96. Ka1 Qe1+ 97. Ka2 Qe2+ 98. Ka1 c5 99. Qg3 Qd1+ 100.
Kb2 Qd2+ 101. Kb1 Qd3+  0-1

[Event "Olomouc Chess Summer 2023 - A2"]
[Site "Olomouc (CZE), Hotel Flora"]
[Date "2023.08.16"]
[Round "6"]
[Board "5"]
[White "Neuman, Petr"]
[Black "Mirzoev, Azer"]
[Result "1-0"]
[WhiteElo "2370"]
[BlackElo "2417"]
[PlyCount "0"]
[EventDate "2023.08.12"]
[EventRounds "9"]
[EventCountry "CZE"]

1. d4 d5 2. c4 c6 3. cxd5 cxd5 4. Bf4 Nc6 5. e3 Nf6 6. Nc3 e6 7. Bd3 Bd6 8. Bxd6
Qxd6 9. f4 O-O 10. Nf3 Bd7 11. Rc1 Rfc8 12. O-O Be8 13. Ne5 Nd7 14. a3 f6 15. Nxc6
Rxc6 16. e4 Nb6 17. e5 Qe7 18. Qe2 a6 19. Rce1 f5 20. g4 Bg6 21. gxf5 Bxf5 22. Bxf5
exf5 23. Kh1 Rg6 24. Rg1 Rxg1+ 25. Rxg1 Rd8 26. Qf3 Qe6 27. Rg2 Rd7 28. h4 Nc8 29.
h5 Ne7 30. Qh3 Nc6 31. Ne2 Rf7 32. Rg5 Qd7 33. Qd3 Rf8 34. Kh2 Qf7 35. Qh3 Ne7 36.
Rg2 Rc8 37. h6 g6 38. Ng1 Nc6 39. Rc2 Qd7 40. Nf3 Ne7 41. Rxc8+ Qxc8 42. Qh4 Qf8
43. Kg3 Nc6 44. Qh1 Qd8 45. b4 Qd7 46. Qc1 b6 47. Qf1 Qc8 48. b5 Nb8 49. bxa6 Qxa6
50. Qxa6 Nxa6 51. Ng5 Nc7 52. e6 Ne8 53. e7 Nd6 54. Kf3  1-0

[Event "Olomouc Chess Summer 2023 - A2"]
[Site "Olomouc (CZE), Hotel Flora"]
[Date "2023.08.17"]
[Round "7"]
[Board "1"]
[White "Mirzoev, Azer"]
[Black "Levitan, Tal"]
[Result "1-0"]
[WhiteElo "2417"]
[BlackElo "2321"]
[PlyCount "0"]
[EventDate "2023.08.12"]
[EventRounds "9"]
[EventCountry "CZE"]

1. d4 Nf6 2. c4 e6 3. Nc3 Bb4 4. Qb3 c5 5. Nf3 O-O 6. dxc5 Nc6 7. a3 Bxc5 8. Bg5
Be7 9. e3 b6 10. Be2 Ba6 11. Qa4 Qc8 12. O-O Rd8 13. Rac1 Bb7 14. Rfd1 d6 15. Nd5
exd5 16. cxd5 Nxd5 17. Rxd5 Qe6 18. Bxe7 Qxd5 19. Bxd8 Rxd8 20. h3 h6 21. Rd1 Qe6
22. Qf4 Ne7 23. Nd4 Qe5 24. Qg4 Qg5 25. Qxg5 hxg5 26. Nb5 Ba6 27. Kf1 Bxb5 28. Bxb5
g6 29. Ke2 Kg7 30. Rc1 Rc8 31. Rxc8 Nxc8 32. Kd3 Ne7 33. Kd4 f6 34. Bd7 Kf7 35. Kc4
a6 36. Bg4 Ke8 37. Be6 Kd8 38. f4 b5+ 39. Kd4 Kc7 40. Ke4 gxf4 41. exf4 f5+ 42. Kd4
Nc6+ 43. Kd3 Ne7 44. Bf7 Kd7 45. g4 fxg4 46. hxg4 a5 47. Ke4 Kc6 48. Be8+ Kc5 49.
Bf7 a4 50. Be6 Nc6 51. Kd3 d5 52. g5 Na5 53. Bf7 Nc4 54. Kc2 Ne3+ 55. Kc1 Ng2 56.
f5 Nh4 57. fxg6 Nf5 58. Be6 Ng7 59. Bd7 Kc4 60. Bg4 d4 61. Bd7 Nh5 62. Be6+ Kd3 63.
Kd1 Ng7 64. Bd7 Kc4 65. Kc2 Nh5 66. Be6+ Kc5 67. Bg4 Ng7 68. Kd3 Kd5 69. Bf3+ Kc5
70. Ke4 Kc4 71. Be2+ Kb3 72. Bxb5 Kxb2 73. Bxa4 Kxa3 74. Bd7  1-0